| 000 -CABECERA |
| fixed length control field |
01829nam a22003137a 4500 |
| 003 - IDENTIFICADOR DEL NÚMERO DE CONTROL |
| control field |
AR-CdUCM |
| 008 - DATOS DE LONGITUD FIJA--INFORMACIÓN GENERAL |
| fixed length control field |
190425b ||||| |||| 00| 0 spa d |
| 040 ## - FUENTE DE LA CATALOGACIÓN |
| Agencia/entidad que catalogó originalmente la obra |
MUNICIPALIDAD PROVINCIAL DEL CUSCO |
| Entidad que transcribió la catalogación |
BIBLIOTECA MUNICIPAL DEL CUSCO |
| 082 ## - NÚMERO DE LA CLASIFICACIÓN DECIMAL DEWEY |
| No. de Clasificación |
Rev.DIMA/N°21/1967 |
| 110 ## - ENTRADA PRINCIPAL--NOMBRE DE ENTIDAD CORPORATIVA |
| Nombre de la institución, jurisdicción como entrada principal |
Instituto y Museo Arqueológico de la Universidad Nacional del Cuzco |
| 9 (RLIN) |
46550 |
| 245 ## - MENCIÓN DE TÍTULO |
| Título |
Revista del Museo e Instituto Arqueológico / |
| Mención de responsabilidad |
Luis A. Pardo, director, Universidad Nacional del Cuzco |
| 260 ## - PUBLICACIÓN, DISTRIBUCIÓN, ETC. |
| Lugar de publicación, distribución, etc. |
Cusco : |
| Nombre de la editorial, distribuidor, etc. |
H.G. Rozas, |
| Fecha de publicación, distribución, etc. |
1967. |
| 300 ## - DESCRIPCIÓN FÍSICA |
| Nº de Páginas Extensión |
141 páginas. : |
| Otros detalles físicos |
ilustraciones ; |
| Dimensiones |
21 cm. |
| 440 ## - MENCIÓN DE SERIE/PUNTO DE ACCESO ADICIONAL--TÍTULO |
| Título |
Revista del Museo e Instituto Arqueológico. |
| Número de la parte/sección de una obra |
Año XIV, 1967. N°21. |
| 9 (RLIN) |
46569 |
| 505 ## - NOTA DE CONTENIDO CON FORMATO |
| Nota de contenido formateada |
Contenido: El quechua a través de la historia. Luis A. Pardo. -- La restauración del Qoricancha y templo de Santo Domingo. Oscar Ladrón de Guevara Avilés. -- Interpretación de los personajes mitológicos del manto N° 5 del fardo funerario de Paracas N° 27. abierto en la universidad Nacional del Cusco. Carlos Galimberti Miranda. -- Origen del imperio de los Incas mito de los hermanos Ayar. Víctor Pérez Armendáriz. -- Conceptos vertidos por eminentes personalidades que han visitado el Museo e Instituto Arqueológico de la Universidad Nacional de San Antonio Abad del Cusco que constan en el libro de honor. |
| 650 ## - PUNTO DE ACCESO ADICIONAL DE MATERIA--TÉRMINO DE MATERIA |
| Descriptor |
Cultura Paracas |
| 9 (RLIN) |
36837 |
| 650 ## - PUNTO DE ACCESO ADICIONAL DE MATERIA--TÉRMINO DE MATERIA |
| Descriptor |
Arquitectura Inka |
| 9 (RLIN) |
45226 |
| 650 ## - PUNTO DE ACCESO ADICIONAL DE MATERIA--TÉRMINO DE MATERIA |
| Descriptor |
Qorikancha |
| 9 (RLIN) |
30993 |
| 650 ## - PUNTO DE ACCESO ADICIONAL DE MATERIA--TÉRMINO DE MATERIA |
| Descriptor |
Convento de Santo Domingo |
| 9 (RLIN) |
46570 |
| 650 ## - PUNTO DE ACCESO ADICIONAL DE MATERIA--TÉRMINO DE MATERIA |
| Descriptor |
Inkas |
| 9 (RLIN) |
1899 |
| 650 ## - PUNTO DE ACCESO ADICIONAL DE MATERIA--TÉRMINO DE MATERIA |
| Descriptor |
Hermanos Ayar |
| 9 (RLIN) |
46571 |
| 700 ## - PUNTO DE ACCESO ADICIONAL--NOMBRE DE PERSONA |
| Nombre Personal |
Pardo, Luis |
| 9 (RLIN) |
46565 |
| 700 ## - PUNTO DE ACCESO ADICIONAL--NOMBRE DE PERSONA |
| Nombre Personal |
Ladrón de Guevara Avilés, Oscar |
| 9 (RLIN) |
46572 |
| 700 ## - PUNTO DE ACCESO ADICIONAL--NOMBRE DE PERSONA |
| Nombre Personal |
Galimberti Miranda, Carlos |
| 9 (RLIN) |
46555 |
| 700 ## - PUNTO DE ACCESO ADICIONAL--NOMBRE DE PERSONA |
| Nombre Personal |
Pérez Armendáriz, Víctor |
| 9 (RLIN) |
46573 |
| 710 ## - PUNTO DE ACCESO ADICIONAL--NOMBRE DE ENTIDAD CORPORATIVA |
| Nombre corporativo (En letras Mayúsculas) |
Universidad Nacional de San Antonio Abad del Cusco |
| 9 (RLIN) |
15942 |
| 942 ## - ELEMENTOS DE PUNTO DE ACCESO ADICIONAL (KOHA) |
| Fuente de clasificación |
|
| Tipo de item |
Revistas cusqueñas |
| 945 ## - PROCESAMIENTO DE INFORMACIÓN LOCAL (OCLC) |
| Catalogador |
rac |